000 00424nam a2200169Ia 4500
003 GCL
005 20240530103712.0
008 140319s9999 xx 000 0 ara d
040 _aGCL /
_cGCL
082 0 4 _a812
_bد د
100 1 _aديوكس اشلى
245 1 0 _aالدراما /
_cديوكس اشلى
490 _aكتاب
_v0
650 0 4 _aالمسرحيات
700 1 _aديوكي، اشلى
942 _2ddc
_cBK
999 _c41812
_d41812